000 006320000a22001930004500
001 768714001
003 CO-MdFUSB
005 20170609094101.0
008 170609s2004 cr ||||| |||| 00| 0 spa d
022 _a1409-1968
040 _aCO-MdFUSB
_bspa
_cCO-MdFUSB
_dCO-MdFUSB
041 _aspa
100 1 _aBarrientos Paninski, Alberto (1935-)
_eautor
245 1 0 _aLa mayor necesidad de quien sirve al Señor
300 _aVolumen 21. Número 3 (2004), Páginas 10-12
_c 27 cm.
546 _aTexto en español
773 0 _tApuntes Pastorales
_049442
_960149
_gVolumen 21. Número 3 (2004), Páginas 10-12
_qPágina 10
942 _cANA
999 _c60780
_d60780